Exercícios (Registo nº 1338)
[ vista simples ]
| 000 -Etiqueta do registo | |
|---|---|
| Cabeçalho | 01240nam a2200361 4500 |
| 005 - Identificador da versão | |
| Campo de controlo | 20240813121833.0 |
| 010 ## - Número internacional normalizado dos livros (ISBN) | |
| Número (ISBN) | 9789726806783 |
| 021 ## - Número do Depósito Legal | |
| Código do país | PT |
| Número | 247323/06 |
| 035 ## - Other System Control Numbers | |
| System Control Number | (bn)1739583 |
| System Control Number | 2254799 |
| 100 ## - Dados gerais de processamento | |
| Dados gerais de processamento | 20100308e20082006e y0pory5003 ba |
| 102 ## - Pais de publicação ou produção | |
| País de publicação | Portugal |
| 101 0# - Língua de publicação | |
| Língua do texto, banda sonora, etc. | Português |
| 106 ## - Campo de dados codificados: material textual | |
| Dados codificados do material textual | r |
| 105 ## - Campo de dados codificados: livros | |
| Dados codificados dos livros | a j 000yy |
| 215 ## - Descrição física | |
| Indicação específica da natureza do documento e extensão da espécie | 208 p. |
| Outras indicações físicas | il. |
| Dimensões | 25 cm |
| 200 1# - Titulo e menção de responsabilidade | |
| Título próprio | Exercícios |
| Informação de outro título | gramática prática de português |
| -- | da comunicação à expressão |
| -- | 3o ciclo do ensino básico e ensino secundário |
| Primeira menção de responsabilidade | M. Olga Azeredo, M. Isabel Freitas M. Pinto, M. Carmo Azedredo Lopes |
| 205 ## - Menção da edição | |
| Menção da edição | [1a ed. |
| Outras menções de edição | 4a reimp.] |
| 210 ## - Publicação, Distribuição, etc. | |
| Lugar da edição, distribuição, etc. | Lisboa |
| Nome do editor, distribuidor, etc. | Lisboa Editora |
| Data da publicação, distribuição, etc. | 2008 |
| 312 ## - Notas relativas a títulos relacionados | |
| Texto da nota | Tit. da lombada: Da comunicação à expressão : exercícios |
| 516 1# - Título da lombada | |
| Spine Title | Da comunicação à expressão |
| Informação de outro título | exercícios |
| 675 ## - Classificação Decimal Universal (CDU) | |
| Notação | 811.134.3'36(075.2) |
| Edição | BN |
| Língua da edição | por |
| Notação | 811.134.3'36(075.3) |
| Edição | BN |
| Língua da edição | por |
| Notação | 373.34(469) |
| Edição | BN |
| Língua da edição | por |
| Notação | 373.5(469) |
| Edição | BN |
| Língua da edição | por |
| 701 #1 - Nome de autor-pessoa física (co-responsabilidade principal) | |
| Palavra de ordem | Pinto |
| Outra parte do nome não tomada para palavra de ordem | M. Isabel Freitas M |
| Código de função | Autor / Co-autor |
| Palavra de ordem | Lopes |
| Outra parte do nome não tomada para palavra de ordem | M. Carmo Azeredo |
| Código de função | Autor / Co-autor |
| 700 #1 - Nome de autor-pessoa física (responsabilidade principal) | |
| Número de registo de entrada de autoridade | 0001884 |
| Palavra de ordem | Azeredo |
| Outra parte do nome não tomada para palavra de ordem | Maria Olga |
| 942 ## - Elementos de entrada adicionados (Koha) | |
| Tipo de item no Koha | Livro |
| Situação do levantamento | Origin of item (home branch) (coded) | Biblioteca de empréstimo | Código de barras | Cota | Circulation type (not for loan) | Tipo de documento | Nota do exemplar | Damaged status |
|---|---|---|---|---|---|---|---|---|
| Biblioteca Escolar Eng. Nuno Mergulhão | Biblioteca Escolar Eng. Nuno Mergulhão | BENM3060 | 2011 | 811 GRA | Livro | Sem mensagem |
